The Tax adviser (Registro nro. 160081)
[ vista simple ]
| 000 -LEADER | |
|---|---|
| fixed length control field | 01348ny a22003853n 4500 |
| 003 - CONTROL NUMBER IDENTIFIER | |
| control field | EbpS |
| 006 - FIXED-LENGTH DATA ELEMENTS--ADDITIONAL MATERIAL CHARACTERISTICS--GENERAL INFORMATION | |
| fixed length control field | m d |||||| |
| 007 - PHYSICAL DESCRIPTION FIXED FIELD--GENERAL INFORMATION | |
| fixed length control field | cr anunnnuuuaa |
| 008 - FIXED-LENGTH DATA ELEMENTS--GENERAL INFORMATION | |
| fixed length control field | 060206s us 000 eng d |
| 022 ## - | |
| -- | 0039-9957 |
| 035 ## - | |
| -- | 2860 |
| 040 ## - CATALOGING SOURCE | |
| Modifying agency | vLex |
| 050 00 - | |
| -- | K24 |
| -- | .A84 |
| 050 00 - | |
| -- | K24 |
| -- | .A84 |
| 090 ## - | |
| -- | 1616 |
| -- | 1616 |
| 245 04 - TITLE STATEMENT | |
| Title | The Tax adviser |
| Medium | [Recurso electrónico] |
| 256 ## - | |
| -- | Servicio en línea |
| 260 ## - PUBLICATION, DISTRIBUTION, ETC. (IMPRINT) | |
| Place of publication, distribution, etc | New York : |
| Name of publisher, distributor, etc | American Institute of Certified Public Accountants |
| 500 ## - GENERAL NOTE | |
| General note | A publication of the American Institute of Certified Public Accountants |
| 506 1# - RESTRICTIONS ON ACCESS NOTE | |
| Terms governing access | Contenido solo disponible en los productos indicados |
| Authorized users | vLex Global |
| -- | vLex Global (Academic Edition, excluding Law Schools) |
| -- | vLex Global (Academic Edition, Law Schools) |
| 650 04 - SUBJECT ADDED ENTRY--TOPICAL TERM | |
| Topical term or geographic name as entry element | Derecho fiscal |
| Geographic subdivision | Estados Unidos |
| General subdivision | Publicaciones periódicas |
| 650 04 - SUBJECT ADDED ENTRY--TOPICAL TERM | |
| Topical term or geographic name as entry element | Banking |
| 650 04 - SUBJECT ADDED ENTRY--TOPICAL TERM | |
| Topical term or geographic name as entry element | finance and accounting industries |
| 650 04 - SUBJECT ADDED ENTRY--TOPICAL TERM | |
| Topical term or geographic name as entry element | Business |
| 650 04 - SUBJECT ADDED ENTRY--TOPICAL TERM | |
| Topical term or geographic name as entry element | Taxes |
| 650 04 - SUBJECT ADDED ENTRY--TOPICAL TERM | |
| Topical term or geographic name as entry element | Business Services |
| 650 04 - SUBJECT ADDED ENTRY--TOPICAL TERM | |
| Topical term or geographic name as entry element | Financial Services & Banking |
| 710 2# - ADDED ENTRY--CORPORATE NAME | |
| Corporate name or jurisdiction name as entry element | American Institute of Certified Public Accountants |
| 740 0# - | |
| -- | vLex Revista (Servicios en línea) |
| 843 ## - | |
| -- | Electrónica. Abierta |
| 853 ## - | |
| -- | 1 |
| -- | (year) |
| -- | (month) |
| -- | (day) |
| 856 40 - LOCALIZACIÓN Y ACCESO ELECTRÓNICO | |
| Identificador Uniforme del Recurso (URI/URL) | https://app.vlex.com/#/sources/2860 |
| 942 ## - | |
| -- | RAA |
| 999 ## - | |
| -- | 160081 |
| -- | 160081 |
No hay ítems disponibles.